Tourism management in India / (Record no. 26823)

MARC details
000 -LEADER
fixed length control field 00962naa a2200241 4500
005 - DATE AND TIME OF LATEST TRANSACTION
control field 20090526150823.0
008 - FIXED-LENGTH DATA ELEMENTS--GENERAL INFORMATION
fixed length control field 080822t xxu||||| |||| 00| 0 eng d
010 ## - LCCN (DPL NO)
LC control number ENG-93739
020 ## - INTERNATIONAL STANDARD BOOK NUMBER
International Standard Book Number 9788131305287
Terms of availability 495.00
035 ## - SYSTEM CONTROL NUMBER
System control number EN-77272
037 ## - SOURCE OF ACQUISITION
Source of stock number/acquisition DBAD / PUB
040 ## - CATALOGING SOURCE
Original cataloging agency dpl
Language of cataloging English
082 ## - DEWEY DECIMAL CLASSIFICATION NUMBER
Classification number 338.4791068
100 ## - MAIN ENTRY--PERSONAL NAME
Personal name Javaid Akhtar
245 ## - TITLE STATEMENT
Title Tourism management in India /
Statement of responsibility, etc by Javaid Akhtar
260 ## - PUBLICATION, DISTRIBUTION, ETC. (IMPRINT)
Place of publication, distribution, etc New Delhi
Name of publisher, distributor, etc APH Publishing Corporatioon
Date of publication, distribution, etc 2009
270 ## - ADDRESS
Address 4435-36/7, Ansari Road, Darya Ganj
City New Delhi
Postal code 110 002
Electronic mail address aphbooks@vsnl.net
Telephone number 011 23274050
300 ## - PHYSICAL DESCRIPTION
Extent x, 173p.
Other physical details 22cm(Hb)
500 ## - GENERAL NOTE
General note Includes bibliographical references and index
650 ## - SUBJECT ADDED ENTRY--TOPICAL TERM
Topical term or geographic name as entry element Tourism
General subdivision Management
Geographic subdivision India
942 ## - ADDED ENTRY ELEMENTS (KOHA)
Institution code [OBSOLETE] dpl
Item type English Books
Source of classification or shelving scheme Dewey Decimal Classification
Classification part 338.4791068
Call number suffix JAV
Holdings
Withdrawn status Lost status Source of classification or shelving scheme Damaged status Not for loan Collection code Home library Current library Date acquired Source of acquisition Cost, normal purchase price Total Checkouts Full call number Barcode Date last seen Copy number Cost, replacement price Koha item type
    Dewey Decimal Classification   Not For Loan Non-fiction D.B.Act.Division D.B.Act.Division 26/05/2009 DBAD / PUB 495.00   338.4791068 JAV EN-77272 26/05/2009 1 495.00 English Books

© Delhi Public Library
Hit Counter
free hit counter